000 00610nam a2200253 a 4500
001 adlib96000001
003 ViArRB
005 200902210153555.7
008 960221s1955 dcuabcdjdbkoqu001 0deng d
020 _a
022 _a
040 _aAdlib
082 _a
245 _aNilakkadamb
250 _a
260 _aErnakulam
_bCICC
_c1965
300 _a132 p.
_c
500 _a
100 _aCandra Sekharan Nayar Vaikkam
_e
700 _a
_a
942 _cBK
653 _aNilakkadamb
952 _w2010-06-19
_pH00-1116
_r2010-06-19
_40
_00
_bUL
_10
_oFM CANV/N
_d2010-06-19
_70
_yBK
_aUL
999 _c63892
_d63891